Największe losowe stany sąsiedzkie - Statystyki

Ogólne statystyki
  • Ten quiz został rozwiązany 44 razy
  • Średni wynik to 7 z 10
Statystyki odpowiedzi
Stan ...i największy
stan sąsiadujący
% Poprawnych
Karolina Południowa Georgia
100%
Karolina Północna Georgia
100%
Nevada Kalifornia
100%
Idaho Montana
100%
Massachusetts Nowy Jork
100%
Pennsylwania Nowy Jork
100%
Teksas Nowy Meksyk
100%
New Jeresy Pensylwania
100%
Luizjana Teksas
100%
Nowy Meksyk Teksas
100%
Michigan Wisconsin
100%
Montana Wyoming
100%
Dakota Południowa Montana
86%
Connecticut Nowy Jork
86%
Delaware Pensylwania
86%
Utah Arizona
83%
Kansas Kolorado
80%
Wisconsin Michigan
80%
Kalifornia Arizona
75%
New Hampshire Maine
75%
Maine New Hampshire
75%
Arkansas Teksas
75%
Oklahoma Teksas
75%
Georgia Floryda
67%
Arizona Kalifornia
67%
Nebraska Kolorado
67%
Wyoming Montana
67%
Minnesota Dakota Południowa
60%
Iowa Minnesota
60%
Vermont Nowy Jork
60%
Maryland Pensylwania
60%
Tennessee Georgia
50%
Oregon Kalifornia
50%
Wirginia Karolina Północna
50%
Dakota Północna Montana
50%
Indiana Michigan
40%
Illinois Missouri
40%
Kentucky Missouri
33%
Kolorado Nowy Meksyk
33%
Wirginia Zachodnia Ohio
33%
Nowy Jork Pensylwania
33%
Mississippi Arkansas
25%
Rhode Island Massachusetts
25%
Ohio Michigan
25%
Alabama Floryda
0%
Missouri Kansas
0%
Waszyngton Utah
0%
Nie znaleziono quizów pasujących do podanych kryteriów
Rozkład punktacji
Procent ludzi z każdym wynikiem
Percentyl według liczby udzielonych odpowiedzi
Twoja historia wyników
Nie rozwiązałeś tego quizu